000 00349nam a22001457a 4500
003 OSt
008 220521b ||||| |||| 00| 0 eng d
020 _a978-1-784-70823-3
082 _a909.83 HAT
100 _aHARARI,Yuval Noah
245 _a21 Lesson for the 21st Century
260 _aLondon
_bVintage
_c2018
300 _a417
942 _2ddc
_cBK
999 _c11254
_d11254